000 00235 a2200097 4500
001 52268
100 _aLackey J E
245 _aFundamental of Electricity & Electronics
260 _aNew York
_bHolt Rinehart
_c
090 _c32910
_d32910
942 _aNUST-CAE
_cM
_c25459
999 _c287341
_d287341